000
00322nam a2200133Ia 4500
008
230818s1999 xx 000 0 und d
041
_a
eng
100
_a
Foley
245
_a
Hospitality Tourism & Leisure Management
260
_b
Cassell
_c
1999
300
_a
262p
520
_a
General
999
_c
852684
_d
852684
650
_a
Hospitatity & Tourism